| 000 | 00866nam a22002297a 4500 | ||
|---|---|---|---|
| 005 | 20240530110530.0 | ||
| 008 | 160316s2013 ua a g 000 0 ara d | ||
| 017 |
_a2012/20648 _bمصر . دار الكتب المصرية |
||
| 020 | _a9789776223325 | ||
| 040 | _aEG-CaGPL | ||
| 082 | 0 | 4 |
_221 _a332.63228\ _bإ ف |
| 100 | 0 | _aالهام وحيد دحام . | |
| 245 | 1 | 0 |
_aفاعلية اداء السوق المالى و القطاع المصرفى فى النمو الاقتصادى / _cالهام وحيد دحام . |
| 250 | _aط1. | ||
| 260 |
_aالقاهرة : _bالمركز القومى لاصدارات القانونية ، _c2013 . |
||
| 300 |
_a208 ص ؛ _c24 سم . |
||
| 650 | 0 | 4 | _aالبنوك . |
| 650 | 0 | 4 | _aالاسواق المالية . |
| 650 | 0 | 4 | _aالبورصة . |
| 942 |
_2ddc _cBK |
||
| 999 |
_c62073 _d62073 |
||